| 000 | 00700nam a2200253Ia 4500 | ||
|---|---|---|---|
| 003 | OSt | ||
| 005 | 20221007110048.0 | ||
| 006 | a|||||r|||| 00| 0 | ||
| 007 | ta | ||
| 008 | 221006b |||||||| |||| 00| 0 eng d | ||
| 024 | _a20,274 | ||
| 037 | _cTextual | ||
| 040 |
_aLCO _cLCO _beng |
||
| 041 |
_2eng _aeng |
||
| 082 | _aZ:(T), P7 | ||
| 100 |
_aRao G. M. Ed. _9707076 |
||
| 245 | 0 |
_aLegal Education in India _b Callenges and Perspectives |
|
| 260 |
_aHyderabad _bAsia Law House India _c2007 |
||
| 300 | _a304 | ||
| 650 | _aLEGAL EDUCATION | ||
| 700 |
_a Rao K. S. Ed. _9707077 |
||
| 942 |
_hZ:(T), P7 _cTEXL |
||
| 999 |
_c1189837 _d1189837 |
||